9 Cities That Were Destroyed And Rebuilt - Statistics

General Stats
  • This quiz has been taken 105 times
    72 since last reset
  • The average score is 8 of 9
Answer Stats
Hint Date City % Correct
This now European capital was bombed by the UK, the U.S., the French and the Soviets 1940-45 Berlin
98%
This American city was leveled by an earthquake and the fires that followed 1906 San Francisco
95%
The Asian city most devastated by the bombs dropped from the Enola Gay August 6, 1945 Hiroshima
91%
The Luftwaffe bombed this capital heavily during the invasion of Poland 1939 Warsaw
91%
This Iberian capital was leveled by an earthquake and tsunami November 1, 1755 Lisbon
83%
This European capital endured 37 weeks of bombing by the Luftwaffe September 7, 1940 London
83%
This historic German city, home to Zwingler Palace, was destroyed in WWII 1945 Dresden
72%
The Great Kanto Earthquake destroyed this now thriving Asian capital September 1, 1923 Tokyo
72%
During the war in Northern Mali, this city and its precious religious monuments were destroyed June 2012 Timbuktu
66%
No matching quizzes found
Score Distribution
Percent of People with Each Score
Percentile by Number Answered
Your Score History
You have not taken this quiz since the last reset